Build a program now! Microsoft Visual Basic 2008 Express edition
Saved in:
| Main Author: | |
|---|---|
| Format: | Book |
| Language: | English |
| Published: |
Redmond, Washington
Microsoft
c2008
|
| Edition: | 2008 ed. |
| Subjects: | |
| Tags: |
Add Tag
No Tags, Be the first to tag this record!
|
| Call Number : | QA76.73.B3 .P453 2008 |
MARC
| LEADER | 00000pam a2200000 a 4500 | ||
|---|---|---|---|
| 001 | 29205 | ||
| 003 | MY-KLNDU | ||
| 005 | 20241218082748.0 | ||
| 008 | t2008 wau d a 1 engdc | ||
| 020 | |a 9780735625419 (pbk.) | ||
| 020 | |a 0735625417 (pbk.) | ||
| 035 | |a 0000040101 | ||
| 039 | 9 | |a 201004221551 |b hafizah |c 201002231001 |d rafizah |c 201002230957 |d rafizah |c 200911181305 |d VLOAD |y 200910091817 |z VLOAD | |
| 090 | |a QA76.73.B3 |b .P453 2008 | ||
| 100 | 1 | |a Pelland, Patrice | |
| 245 | 1 | 0 | |a Build a program now! |b Microsoft Visual Basic 2008 Express edition |c Patrice Pelland |
| 250 | |a 2008 ed. | ||
| 260 | |a Redmond, Washington |b Microsoft |c c2008 | ||
| 300 | |a x, 245p. |b col.ill. |c 19x23cm |e 1 DVD-ROM (4 3/4in.) | ||
| 500 | |a Includes index | ||
| 500 | |a CD available for loan | ||
| 591 | |a 0000010765 |b 29/07/09 |c 0200-07 |d 1 |e RM80 |f 1 |g 80 |h YUHA Associates Sdn.Bhd | ||
| 650 | |a Microsoft visual BASIC | ||
| 650 | |a BASIC (Computer program language) | ||
| 650 | |a Application software |x Development | ||
| 999 | |a vtls000038961 |c 29205 |d 29205 | ||


